000 00317 a2200133 4500
005 20250629140024.0
020 _a9780655161264
082 _a658.83 RAM
100 _aRAMACHANDRAN, R.
245 _aConsumer Behaviour
260 _aIndia,
_bReserved
_c2009
300 _axi, 312p.;ill.; picture
_c23cm
942 _2ddc
_cBKS
999 _c6380
_d6380